000
00235nam a22001097a 4500
040
_c
SK
082
_a
631
100
_a
NA
245
_a
Keep alert; ការប្រុងប្រយ័ត្ន
260
_a
RUA
_b
NA
_c
NA
942
_c
KB
999
_c
9603
_d
9603